| 000 | 00974nam a2200277Ia 4500 | ||
|---|---|---|---|
| 005 | 20220317000954.0 | ||
| 008 | 160825s2009 ve a g 000 0 spa | ||
| 020 | _a9789802571012 | ||
| 100 | 1 |
_aNazoa, Aquiles _d1920-1976 |
|
| 245 | 1 | 0 |
_aFábula de la avispa ahogada _cAquiles Nazoa ; ilustrado por Vicky Sempere |
| 250 | _a11a. edición | ||
| 300 |
_a36 páginas _bilustraciones en blanco y negro _c16 cm |
||
| 490 | _aRimas y adivinanzas | ||
| 521 | _aRecomendado para un público infantil mayor de 6 años | ||
| 650 | 1 | 4 |
_2LEMB _aPoesía infantil venezolana _ySiglo XX |
| 650 | 1 | 4 |
_2LEMB _aLiteratura infantil venezolana _ySiglo XX |
| 650 | 1 | 4 |
_2LEMB _aAvispas en la literatura |
| 700 | 1 |
_aSempere, Vicky _98552 |
|
| 942 |
_2loc _cBKINF |
||
| 264 |
_aCaracas _bEkaré _c2009 |
||
| 336 |
_atexto _btxt _2rdacontent |
||
| 337 |
_asin mediación _bn _2rdamedia |
||
| 338 |
_avolumen _bnc _2rdacarrier |
||
| 040 |
_aCO-BoRNBP _bspa _erda _cCO-BoRNBP |
||
| 084 | _aP NAZ1 | ||
| 999 |
_c5559 _d5559 |
||